Normal view
MARC view
- تكنولوجيا المعلومات
Entry Topical Term
001 - CONTROL NUMBER
- control field: 28813
003 - CONTROL NUMBER IDENTIFIER
- control field: JO-AjAnu
005 - DATE AND TIME OF LATEST TRANSACTION
- control field: 20230606074858.0
008 - FIXED-LENGTH DATA ELEMENTS
- fixed length control field: 230606|| aca||aabn | a|a d
040 ## - CATALOGING SOURCE
- Original cataloging agency: JO-AjAnu
- Transcribing agency: JO-AjAnu
150 ## - HEADING--TOPICAL TERM
- Topical term or geographic name entry element: تكنولوجيا المعلومات
670 ## - SOURCE DATA FOUND
- Source citation: Work cat.: (JO-AjAnu)14789: قنديلجي، عامر ابراهيم ؛ م.مشارك: ايمان فاضل السامرائي, author 28812, تكنولوجيا المعلومات وتطبيقاتها= Information Technology and Its Application